000 00899cam a2200265 i 4500
001 16812
003 DO-SdUEMH
005 20260202150357.0
007 ta
008 211105s2002 dr a|||gr|||| 000 0 spa|d
040 _aDO-SdUEMH
_bspa
_erda
041 _aspa
082 1 4 _mRD
_a370.98 R332C
_bR332e
084 _b15-00030
245 4 0 _aLas reformas educativas en acción:
_beficiencia, equidad y calidad en el sistema educativo de la República Dominicana y América Latina /
_ceditor ; Alejandro Medina Giopp
260 _c2002
264 0 1 _aSanto Domingo : INDES-BID :
_bInstituto Tecnológico de Santo Domingo,
_c2002
300 _a319 páginas :
_bilustraciones ;
_c23 cm.
336 _2rdacontent
_atexto
_btxt
337 _2rdamedia
_asin mediación
_bn
338 _2rdacarrier
_avolumen
_bnc
490 _aTemas especializados de gerencia social ;
_v3
942 _2ddc
_cBK
_n0
999 _c16812
_d16812